| 000 | 00753 a2200193 4500 | ||
|---|---|---|---|
| 020 | _a0792314921 | ||
| 020 | _a9780792314929 | ||
| 082 | _a512.2 | ||
| 090 |
_c1156 _d1156 |
||
| 100 | 1 | _aVilenkin, N.Ja. | |
| 245 | 1 | 0 |
_aRepresentation of lie groups and special functions : _b. _nVolume 2 : _bclass I representations, special functions, and integral transforms / _cN.Ja. Vilenkin, A.U. Klimyk. |
| 260 |
_a[S.l.] : _bSpringer, _c1993. |
||
| 300 |
_a636 p. ; _c24 cm. |
||
| 490 | 1 | _aMathematics and its applications. | |
| 700 | 1 | _aKlimyk, A.U. | |
| 830 | 0 | _aMathematics and its applications. | |
| 942 |
_aSNS _cBK _k512.2 VIL |
||
| 999 |
_c29769 _d29769 |
||